[Event "C.to Europeo U14"]
[Site "Herceg Novi SCG"]
[Date "2005.09.18"]
[Round "5"]
[White "Paolinelli, Giacomo"]
[Black "Khandelwal, Ankush"]
[Result "1-0"]
[WhiteElo "2042"]
[BlackElo "1964"]
[PlyCount "91"]
[EventDate "2005.09.14"]

1. e4 e5 2. d4 Nc6 3. d5 Nce7 4. Nc3 g6 5. g3 d6 6. Bg2 Nh6 7. Bg5 f5 8. Qd2
Nf7 9. Be3 Bg7 10. f3 Bd7 11. O-O-O b5 12. h4 h6 13. f4 a5 14. h5 g5 15. Nf3 b4
16. Ne2 fxe4 17. Nh2 b3 18. cxb3 a4 19. a3 axb3 20. Bxe4 Ra4 21. Nc3 exf4 22.
Nxa4 fxe3 23. Qb4 O-O 24. Nc3 Nf5 25. Rhg1 Qf6 26. Ng4 Qe7 27. Rde1 Ne5 28.
Nxe3 Nxe3 29. Rxe3 Qf7 30. Re2 Bg4 31. Rd2 Qxh5 32. Rh1 Qxh1+ 33. Bxh1 Rf1+ 34.
Nd1 Rxh1 35. a4 Rf1 36. Qxb3 Bf5 37. a5 Rf3 38. Qb8+ Kh7 39. a6 Nd7 40. a7 Rxg3
41. Qxc7 Nc5 42. Qxc5 dxc5 43. a8=Q Be5 44. Qb7+ Kg6 45. Qc6+ Kg7 46. Rf2 1-0

[Event "C.to Europeo U14"]
[Site "Herceg Novi SCG"]
[Date "2005.09.20"]
[Round "6"]
[White "Ponizil, Cyril"]
[Black "Paolinelli, Giacomo"]
[Result "1-0"]
[WhiteElo "2152"]
[BlackElo "2042"]
[PlyCount "73"]
[EventDate "2005.09.14"]

1. e4 e5 2. f4 Bc5 3. Nf3 d6 4. b4 Bxb4 5. c3 Bc5 6. d4 exd4 7. cxd4 Bb6 8. Bd3
Bg4 9. Nbd2 Nf6 10. Bb2 O-O 11. Nc4 Re8 12. Nxb6 axb6 13. e5 dxe5 14. fxe5 Nd5
15. O-O Ne3 16. Qe2 Nxf1 17. Qe4 g6 18. Qxg4 Ne3 19. Qf4 Nd5 20. Qh6 Nd7 21.
Rf1 Nf8 22. Ng5 Re7 23. Ne4 Re6 24. Bc4 c6 25. Rf3 b5 26. Bb3 b6 27. Nf6+ Nxf6
28. exf6 Rxf6 29. d5 Nd7 30. dxc6 Qe7 31. Bxf6 Nxf6 32. Qf4 Nh5 33. Qxf7+ Qxf7
34. Rxf7 Kh8 35. c7 Ng7 36. Rd7 Re8 37. Rd8 1-0

[Event "C.to Europeo U14"]
[Site "Herceg Novi SCG"]
[Date "2005.09.21"]
[Round "7"]
[White "Paolinelli, Giacomo"]
[Black "Kourousis, Epaminondas"]
[Result "1/2-1/2"]
[WhiteElo "2042"]
[BlackElo "1948"]
[PlyCount "38"]
[EventDate "2005.09.14"]

1. e4 c5 2. Nc3 Nc6 3. g3 g6 4. Bg2 Bg7 5. d3 d6 6. Be3 e6 7. Qd2 Rb8 8. Nge2
Nd4 9. Nd1 b5 10. Nc1 Nf6 11. c3 Nc6 12. Bh6 O-O 13. Bxg7 Kxg7 14. f4 d5 15. e5
Nd7 16. Ne2 Qb6 17. d4 cxd4 18. cxd4 b4 19. Ne3 Ba6 1/2-1/2

[Event "C.to Europeo U14"]
[Site "Herceg Novi SCG"]
[Date "2005.09.22"]
[Round "8"]
[White "Aagaard, Kasper"]
[Black "Paolinelli, Giacomo"]
[Result "1/2-1/2"]
[WhiteElo "1913"]
[BlackElo "2042"]
[PlyCount "33"]
[EventDate "2005.09.14"]

1. e4 e5 2. Nf3 Nf6 3. Nxe5 d6 4. Nf3 Nxe4 5. Nc3 Nf6 6. d4 Be7 7. Bf4 O-O 8.
Qd2 c6 9. a4 Re8 10. Be2 d5 11. O-O Bf5 12. Bd3 Ne4 13. Bxe4 dxe4 14. Ne5 Nd7
15. Ne2 Bf6 16. Nxd7 Qxd7 17. c3 1/2-1/2

[Event "C.to Europeo U14"]
[Site "Herceg Novi SCG"]
[Date "2005.09.23"]
[Round "9"]
[White "Paolinelli, Giacomo"]
[Black "Nitelea, Alexandru-Barbu"]
[Result "1-0"]
[WhiteElo "2042"]
[BlackElo "1905"]
[PlyCount "125"]
[EventDate "2005.09.14"]

1. e4 c5 2. Nc3 Nc6 3. g3 g6 4. Bg2 Bg7 5. d3 d6 6. Be3 Nd4 7. Qd2 Qa5 8. f4 b5
9. Nf3 Bh3 10. O-O Bxg2 11. Qxg2 Nxf3+ 12. Qxf3 Rc8 13. e5 b4 14. Ne4 d5 15.
Nd2 e6 16. a3 Ne7 17. Nb3 Qb6 18. axb4 Qxb4 19. Rxa7 Nf5 20. Bf2 h5 21. Rfa1
O-O 22. R7a4 Qb6 23. Ra6 Qb4 24. R1a4 Qb7 25. Bxc5 Rxc5 26. Nxc5 Qxb2 27. Qe2
Nd4 28. Qf2 Nxc2 29. Qd2 Qb1+ 30. Kg2 Ne1+ 31. Kf2 Nc2 32. Ra2 Nb4 33. Rb2 Nxa6
34. Rxb1 Nxc5 35. Qa5 Rc8 36. Ke2 Bf8 37. Qa7 Kg7 38. Rc1 Rd8 39. Rxc5 Bxc5 40.
Qxc5 Ra8 41. Qc2 Ra1 42. Kf2 Rh1 43. Kg2 Ra1 44. Kh3 Ra3 45. Kh4 Ra1 46. Kg5
Rh1 47. Qe2 Rg1 48. Qf2 Rh1 49. Qb2 Rd1 50. Qa3 Rd2 51. Qe7 Ra2 52. Qf6+ Kf8
53. Kh6 Ke8 54. Kg7 Ra7 55. Qg5 Ra3 56. Qh6 Rxd3 57. Qh8+ Kd7 58. Kxf7 Rd2 59.
Qe8+ Kc7 60. Qe7+ Kc6 61. Qxe6+ Kc7 62. Qd6+ Kb7 63. Qb4+ 1-0

[Event "C.to Europeo U12 femminile"]
[Site "Herceg Novi SCG"]
[Date "2005.09.17"]
[Round "4"]
[White "Casolino, Rosamaria"]
[Black "Anakidze, Nino"]
[Result "0-1"]
[WhiteElo "1506"]
[BlackElo "1963"]
[PlyCount "80"]
[EventDate "2005.09.14"]

1. e4 c6 2. d4 d5 3. exd5 cxd5 4. Nf3 Nc6 5. Nc3 Bg4 6. Be2 Nf6 7. O-O e6 8.
Bf4 a6 9. a3 Be7 10. Ne5 Bxe2 11. Nxc6 bxc6 12. Qxe2 O-O 13. Rfe1 Qb6 14. Rab1
Qxd4 15. Qe3 Qxe3 16. Rxe3 d4 17. Rg3 Nh5 18. Ne2 Nxg3 19. Bxg3 c5 20. Re1 Rfd8
21. Rd1 Bf6 22. b3 e5 23. f3 Re8 24. Nc1 Rac8 25. Nd3 e4 26. fxe4 Rxe4 27. Bd6
c4 28. Nc5 Re2 29. Nxa6 Rc6 30. Kf1 Re6 31. Nb4 Rcxd6 32. bxc4 Rd8 33. c5 Be7
34. Nd3 Rc6 35. Nb4 Rxc5 36. Ke1 Rc3 37. Kf2 Bxb4 38. axb4 Rxc2+ 39. Kf3 Rb2
40. Rd3 Rxb4 0-1

[Event "C.to Europeo U12 femminile"]
[Site "Herceg Novi SCG"]
[Date "2005.09.21"]
[Round "7"]
[White "Casolino, Rosamaria"]
[Black "Kashlinskaya, Alina"]
[Result "0-1"]
[WhiteElo "1506"]
[BlackElo "2075"]
[PlyCount "62"]
[EventDate "2005.09.14"]

1. e4 c5 2. Nc3 Nc6 3. g3 Nf6 4. d3 g6 5. Be3 d6 6. Bg2 Bg7 7. Qd2 Ng4 8. Nge2
Nxe3 9. Qxe3 Nd4 10. O-O Nxc2 11. Qd2 Nxa1 12. Rxa1 O-O 13. h4 Bg4 14. f3 Bd7
15. Kf2 Bc6 16. Rh1 d5 17. h5 dxe4 18. fxe4 Qd6 19. Bf3 Rad8 20. Nd5 Bxd5 21.
exd5 e6 22. dxe6 Qxe6 23. b3 Qf5 24. g4 Rxd3 25. gxf5 Rxd2 26. fxg6 fxg6 27.
Ke3 Bh6+ 28. Kf2 Kg7 29. hxg6 hxg6 30. a4 Rd3 31. Ng1 Rxb3 0-1

[Event "XXI European Club Cup"]
[Site "Saint Vincent - Chatillon ITA"]
[Date "2005.09.18"]
[Round "1"]
[White "Cordes, Steffen"]
[Black "Vukovic, Zdravko"]
[Result "1/2-1/2"]
[WhiteElo "2105"]
[BlackElo "2432"]
[PlyCount "49"]
[EventDate "2005.09.18"]

1. e4 c5 2. Nc3 Nc6 3. Nf3 d6 4. d4 cxd4 5. Nxd4 Nf6 6. Bc4 Qb6 7. Nxc6 bxc6 8.
Bb3 e6 9. O-O Be7 10. Be3 Qc7 11. f4 O-O 12. Qf3 d5 13. exd5 cxd5 14. Rad1 Bb7
15. Qh3 Bc5 16. Bd4 Ba6 17. Rfe1 Bxd4+ 18. Rxd4 Qb6 19. Red1 Rac8 20. Kh1 Rfe8
21. Qg3 g6 22. h3 Nh5 23. Qe1 f5 24. Kh2 Qb8 25. g3 1/2-1/2

[Event "XXI European Club Cup"]
[Site "Saint Vincent - Chatillon ITA"]
[Date "2005.09.18"]
[Round "1"]
[White "Eriksson, Magnus"]
[Black "Kurajica, Bojan"]
[Result "1-0"]
[WhiteElo "2338"]
[BlackElo "2537"]
[PlyCount "107"]
[EventDate "2005.09.18"]

1. d4 Nf6 2. c4 e6 3. Nc3 Bb4 4. e3 O-O 5. Bd3 d6 6. Nge2 c5 7. O-O Nc6 8. d5
exd5 9. cxd5 Ne5 10. Bc2 c4 11. e4 Re8 12. Kh1 Nfg4 13. f3 Nf6 14. Bg5 h6 15.
Be3 Nfd7 16. f4 Ng4 17. Bg1 Qh4 18. Nd4 Nc5 19. Nf3 Qh5 20. Qd4 Bxc3 21. bxc3
b6 22. Rae1 Ba6 23. Qd2 Nd3 24. Bxd3 cxd3 25. Bd4 Qg6 26. h3 Nf6 27. f5 Qh7 28.
Bxf6 gxf6 29. Nh2 h5 30. Rg1 Kf8 31. Nf3 Qg7 32. Qf4 Rad8 33. Rb1 d2 34. Rgd1
Be2 35. Rxd2 Bxf3 36. gxf3 Qg5 37. Qxg5 fxg5 38. f6 Re5 39. Rg2 Rc8 40. Rb3 Ke8
41. Kg1 Kd7 42. Kf2 Rg8 43. Ke3 Kc7 44. Rb1 h4 45. Rbg1 Rg6 46. c4 Kb7 47. Rg4
Ka6 48. R4g2 Ka5 49. a4 Ka6 50. a5 bxa5 51. Ra2 Re8 52. Rga1 Ra8 53. Rxa5+ Kb7
54. Ra6 1-0

[Event "XXI European Club Cup"]
[Site "Saint Vincent - Chatillon ITA"]
[Date "2005.09.18"]
[Round "1"]
[White "Filippov, Valerij"]
[Black "Hentunen, Asko"]
[Result "1-0"]
[WhiteElo "2621"]
[BlackElo "2341"]
[PlyCount "83"]
[EventDate "2005.09.18"]

1. Nf3 g6 2. c4 Bg7 3. d4 c5 4. e4 Qb6 5. dxc5 Qxc5 6. Be2 Qb4+ 7. Nbd2 a5 8.
O-O Nf6 9. a3 Qb6 10. b3 Nc6 11. Bb2 d6 12. h3 O-O 13. Rb1 e5 14. Ne1 Nd7 15.
Nc2 Bh6 16. b4 Qc7 17. Bc3 b6 18. Ne3 Bxe3 19. fxe3 Nd8 20. Qb3 a4 21. Qd1 Bb7
22. Rc1 Ne6 23. Bd3 Qd8 24. Qf3 Qh4 25. Qf2 Qxf2+ 26. Rxf2 Kg7 27. Bb2 Bc6 28.
Rcf1 f6 29. Nb1 Ra7 30. Nc3 h5 31. Rd2 Rc8 32. Bc2 Kf7 33. Rxd6 Ke7 34. Rfd1
Ng5 35. R6d2 Ne6 36. Nd5+ Kf7 37. Rf2 Ng5 38. Nxf6 Nxf6 39. Bxe5 Ngxe4 40. Bxe4
Bxe4 41. Rxf6+ Ke7 42. Rd4 1-0

[Event "XXI European Club Cup"]
[Site "Saint Vincent - Chatillon ITA"]
[Date "2005.09.18"]
[Round "1"]
[White "Hammer, Jon Ludvig"]
[Black "Markowski, Tomasz"]
[Result "0-1"]
[WhiteElo "2318"]
[BlackElo "2564"]
[PlyCount "86"]
[EventDate "2005.09.18"]

1. e4 g6 2. d4 Bg7 3. Nc3 d6 4. f4 Nf6 5. Nf3 O-O 6. Bd3 Na6 7. O-O c5 8. d5
Rb8 9. f5 Qa5 10. Qe2 Nb4 11. Bc4 a6 12. a3 b5 13. Bb3 c4 14. Ba2 Nxa2 15. Nxa2
gxf5 16. Nb4 fxe4 17. Ng5 Bb7 18. Bd2 Qb6+ 19. Be3 Qc7 20. Bd4 a5 21. Na2 Bxd5
22. Nc3 Bc6 23. Bxf6 exf6 24. Ngxe4 b4 25. axb4 axb4 26. Qg4 Kh8 27. Ne2 f5 28.
Qxf5 Rb5 29. Qf4 Be5 30. Qh6 Rg8 31. N2g3 Qe7 32. Nf6 Rg7 33. Rae1 Qd8 34. Re2
Bxg3 35. hxg3 Rbg5 36. Re3 Qb6 37. Rfe1 Rxg3 38. Kf1 Bxg2+ 39. Kf2 Bc6 40. Kf1
Rg1+ 41. Ke2 R7g2+ 42. Kd1 Qd4+ 43. Rd3 Rxe1+ 0-1

[Event "XXI European Club Cup"]
[Site "Saint Vincent - Chatillon ITA"]
[Date "2005.09.18"]
[Round "1"]
[White "Karttunen, Mika"]
[Black "Mchedlishvili, Mikheil"]
[Result "1/2-1/2"]
[WhiteElo "2409"]
[BlackElo "2549"]
[PlyCount "95"]
[EventDate "2005.09.18"]

1. d4 Nf6 2. Bg5 e6 3. e4 h6 4. Bxf6 Qxf6 5. Nc3 Bb4 6. Nge2 Nc6 7. e5 Qh4 8.
Qd3 d6 9. g3 Bxc3+ 10. bxc3 Qe7 11. f4 b6 12. Bg2 Bb7 13. O-O O-O 14. g4 Rad8
15. Qg3 Na5 16. Bxb7 Nxb7 17. Rf2 f6 18. exf6 Qxf6 19. Qg2 d5 20. Ng3 c5 21.
Nh5 Qg6 22. Kh1 cxd4 23. cxd4 Nd6 24. Rg1 Qe4 25. Rf3 Nc4 26. c3 Nd2 27. Rf2
Qxg2+ 28. Rfxg2 Ne4 29. f5 Rd7 30. fxe6 Re7 31. Rc2 Rxe6 32. Kg2 Rc6 33. Rgc1
Rfc8 34. Nf4 Rxc3 35. Rxc3 Rxc3 36. Re1 Rc2+ 37. Kf3 Rf2+ 38. Ke3 Rxa2 39. Nxd5
Nf6 40. Nxf6+ gxf6 41. d5 Kf7 42. Kd3 Ra5 43. Kc4 Rc5+ 44. Kd4 Rc2 45. h3 Rd2+
46. Kc4 Rc2+ 47. Kd4 Rd2+ 48. Kc4 1/2-1/2

[Event "XXI European Club Cup"]
[Site "Saint Vincent - Chatillon ITA"]
[Date "2005.09.18"]
[Round "1"]
[White "Rees, Ioan"]
[Black "Azarov, Sergei"]
[Result "0-1"]
[WhiteElo "2230"]
[BlackElo "2582"]
[PlyCount "106"]
[EventDate "2005.09.18"]

1. d4 Nf6 2. c4 e6 3. Nc3 Bb4 4. e3 O-O 5. Nge2 d5 6. a3 Bd6 7. c5 Be7 8. b4 c6
9. Nf4 b6 10. Be2 a5 11. Bd2 Ba6 12. O-O Bxe2 13. Qxe2 Nbd7 14. Nd3 Qc8 15. f3
Qa6 16. Rab1 axb4 17. axb4 bxc5 18. bxc5 Rfb8 19. Nb4 Qc8 20. Rb2 Ra3 21. Rfb1
Rba8 22. Nc2 R3a7 23. Be1 g6 24. g4 e5 25. Bg3 Bf8 26. h3 Bg7 27. Kg2 Ne8 28.
Qd2 Nc7 29. Nb4 Ne6 30. Ncxd5 cxd5 31. Nxd5 Bf8 32. Nb6 Nxb6 33. cxb6 Rb7 34.
Bxe5 Qd8 35. d5 Nc5 36. Bc7 Rxc7 37. bxc7 Qxc7 38. Rb6 Rd8 39. e4 Ne6 40. Kh1
Qe5 41. Qb2 Nd4 42. Rb8 Rxb8 43. Qxb8 Qf6 44. Rf1 Qa6 45. Rf2 Qd3 46. Kg2 Nc2
47. Qf4 Ne3+ 48. Kg3 Nf1+ 49. Kg2 Ne3+ 50. Kg3 Nc4 51. Qb8 Kg7 52. Kg2 Bd6 53.
Qa7 Ne3+ 0-1

[Event "XXI European Club Cup"]
[Site "Saint Vincent - Chatillon ITA"]
[Date "2005.09.19"]
[Round "2"]
[White "Ahlander, Bjorn"]
[Black "Wirig, Anthony"]
[Result "1/2-1/2"]
[WhiteElo "2401"]
[BlackElo "2405"]
[PlyCount "118"]
[EventDate "2005.09.18"]

1. d4 Nf6 2. c4 e6 3. Nc3 Bb4 4. e3 c5 5. Bd3 Bxc3+ 6. bxc3 Qa5 7. Bd2 d6 8.
Ne2 b6 9. O-O Bb7 10. f3 Nbd7 11. e4 O-O 12. Ng3 Qa3 13. Qe2 cxd4 14. cxd4 Qb2
15. Qe3 e5 16. Nf5 exd4 17. Nxd4 Ne5 18. Be2 Nc6 19. Nf5 Ne8 20. Bc3 Qa3 21.
Kh1 Qc5 22. Qd2 Bc8 23. Ne3 Be6 24. Rab1 Ne7 25. f4 f6 26. Rfd1 Qc7 27. Rbc1
Rc8 28. Bh5 Qb7 29. Bf3 Qb8 30. Bb2 b5 31. Nd5 Rf7 32. cxb5 Rxc1 33. Rxc1 Qxb5
34. Bh5 Bxd5 35. exd5 g6 36. Be2 Qb7 37. Bg4 f5 38. Bd1 Nf6 39. Bb3 Kg7 40. Re1
Neg8 41. Re6 Qb5 42. h3 a5 43. Rxd6 Qf1+ 44. Kh2 Kh6 45. Bc2 Qc4 46. Qf2 Qxa2
47. Bxf5 gxf5 48. Qh4+ Kg7 49. Qg5+ Kf8 50. Bxf6 Nxf6 51. Qh6+ Ke8 52. Re6+ Kd7
53. Rxf6 Rxf6 54. Qxf6 Qxd5 55. g4 Qd2+ 56. Kg3 Qe1+ 57. Kf3 Qe4+ 58. Kg3 Qe3+
59. Kg2 Qe2+ 1/2-1/2

[Event "XXI European Club Cup"]
[Site "Saint Vincent - Chatillon ITA"]
[Date "2005.09.19"]
[Round "2"]
[White "Collins, Sam E."]
[Black "Filippov, Valerij"]
[Result "0-1"]
[WhiteElo "2413"]
[BlackElo "2621"]
[PlyCount "76"]
[EventDate "2005.09.18"]

1. e4 e6 2. d4 d5 3. e5 c5 4. c3 Nc6 5. Nf3 Qb6 6. a3 Nh6 7. b4 cxd4 8. cxd4
Nf5 9. Bb2 Bd7 10. g4 Nfe7 11. Nc3 Na5 12. Rc1 Rc8 13. Nd2 Ng6 14. g5 h6 15.
gxh6 Rxh6 16. Ba1 Nc4 17. Bxc4 dxc4 18. Nce4 Qa6 19. Qf3 Nh4 20. Qg3 Nf5 21.
Qf3 b5 22. Bc3 Bc6 23. h4 Rd8 24. Qf4 Nxd4 25. Rh3 Qxa3 26. Nb1 Qa2 27. Bxd4
Rxd4 28. Nf6+ Rxf6 29. Qxd4 Rg6 30. Rg3 Bxb4+ 31. Nc3 Rxg3 32. fxg3 Qb2 33. Qd2
Qa3 34. Ke2 Ba5 35. Qe3 Bb6 36. Qd2 b4 37. Nb1 Qf3+ 38. Ke1 Qh1+ 0-1

[Event "XXI European Club Cup"]
[Site "Saint Vincent - Chatillon ITA"]
[Date "2005.09.19"]
[Round "2"]
[White "Gaprindashvili, Valeriane"]
[Black "Leuba, Didier"]
[Result "1-0"]
[WhiteElo "2433"]
[BlackElo "2270"]
[PlyCount "81"]
[EventDate "2005.09.18"]

1. d4 e6 2. c4 Nf6 3. Nc3 Bb4 4. e3 b6 5. Nge2 Ba6 6. a3 Bxc3+ 7. Nxc3 d5 8.
Qf3 c6 9. b3 O-O 10. Bb2 Qe7 11. g4 Rd8 12. O-O-O b5 13. c5 b4 14. axb4 Bxf1
15. Rhxf1 Qb7 16. g5 Ne8 17. Kc2 Na6 18. Ba3 Nxb4+ 19. Bxb4 Qxb4 20. Ra1 Rdb8
21. Rfb1 Nc7 22. Ra4 Qb7 23. b4 Nb5 24. Ra5 Qc7 25. Qg3 Qxg3 26. hxg3 a6 27.
Nxb5 axb5 28. Rba1 Rxa5 29. bxa5 Ra8 30. Kb3 Ra6 31. Kb4 h6 32. gxh6 gxh6 33.
g4 Kg7 34. f3 Kg6 35. e4 Kg5 36. exd5 exd5 37. Rh1 Ra7 38. Rh5+ Kg6 39. Re5 Kf6
40. Re8 Ra6 41. Rb8 1-0

[Event "XXI European Club Cup"]
[Site "Saint Vincent - Chatillon ITA"]
[Date "2005.09.19"]
[Round "2"]
[White "Makoli, Perparim"]
[Black "Trauth, Michael"]
[Result "1-0"]
[WhiteElo "2206"]
[BlackElo "2225"]
[PlyCount "87"]
[EventDate "2005.09.18"]

1. e4 c5 2. Nf3 Nc6 3. d4 cxd4 4. Nxd4 Nf6 5. Nc3 g6 6. Be3 Bg7 7. Bc4 O-O 8.
Bb3 a5 9. f3 d5 10. exd5 Nb4 11. O-O Nfxd5 12. Nxd5 Nxd5 13. Bf2 Nf4 14. c3 e5
15. Nb5 Qe7 16. Qd6 Qg5 17. g3 Nh3+ 18. Kh1 Nxf2+ 19. Rxf2 Ra6 20. Qd5 a4 21.
Bc2 Rd8 22. Qe4 Rb6 23. c4 Bd7 24. Bxa4 Bc6 25. Qe2 e4 26. fxe4 f5 27. Bc2 Re8
28. Nd6 Rxb2 29. Re1 Rxe4 30. Nxe4 fxe4 31. Rf4 Qa5 32. Rd1 Rxa2 33. Qg4 Qa8
34. Qe6+ Kh8 35. Bxe4 Re2 36. Qg4 Rxe4 37. Rxe4 b5 38. Rde1 bxc4 39. h4 c3 40.
Kh2 Bxe4 41. Rxe4 Qc6 42. Rc4 Qf6 43. Qc8+ Bf8 44. Rf4 1-0

[Event "XXI European Club Cup"]
[Site "Saint Vincent - Chatillon ITA"]
[Date "2005.09.19"]
[Round "2"]
[White "Pulkkinen, Kari"]
[Black "Lapienis, Donatas P."]
[Result "1-0"]
[WhiteElo "2326"]
[BlackElo "2311"]
[PlyCount "85"]
[EventDate "2005.09.18"]

1. e4 c5 2. Nf3 d6 3. d4 cxd4 4. Nxd4 Nf6 5. Nc3 a6 6. f4 e5 7. Nf3 Nbd7 8. a4
Be7 9. Bd3 O-O 10. O-O exf4 11. Kh1 Nh5 12. Nd5 Ndf6 13. Nxf4 Nxf4 14. Bxf4 Be6
15. Nd4 Qd7 16. Nxe6 Qxe6 17. Qe2 Rac8 18. e5 dxe5 19. Qxe5 Qxe5 20. Bxe5 Nd7
21. Bg3 Nc5 22. Bf5 Rce8 23. b4 Ne6 24. c3 Rc8 25. Be5 Rfd8 26. Rad1 Rxd1 27.
Rxd1 Bf6 28. Bxf6 gxf6 29. Rd3 a5 30. Kg1 axb4 31. cxb4 Rc4 32. Bxe6 fxe6 33.
Rd8+ Kf7 34. Rd7+ Kg6 35. Rxb7 e5 36. a5 e4 37. Kf2 Kf5 38. Rb5+ Kf4 39. g3+
Kg4 40. a6 f5 41. a7 Rc2+ 42. Ke3 Rc3+ 43. Kd2 1-0

[Event "XXI European Club Cup"]
[Site "Saint Vincent - Chatillon ITA"]
[Date "2005.09.19"]
[Round "2"]
[White "Rees, Ioan"]
[Black "Polzin, Rainer"]
[Result "1-0"]
[WhiteElo "2230"]
[BlackElo "2514"]
[PlyCount "71"]
[EventDate "2005.09.18"]

1. d4 Nf6 2. c4 g6 3. Nc3 Bg7 4. e4 d6 5. Nf3 O-O 6. Be2 e5 7. O-O Nc6 8. d5
Ne7 9. b4 Nh5 10. Re1 f5 11. Ng5 Nf6 12. Bf3 fxe4 13. Ncxe4 Rb8 14. Qd3 Nf5 15.
Bb2 Nh4 16. Bd1 Nxe4 17. Nxe4 Nf5 18. c5 Nd4 19. b5 Bf5 20. Bxd4 exd4 21. Qa3
d3 22. Rb1 Bd4 23. cxd6 d2 24. Re2 Bxe4 25. dxc7 Bxf2+ 26. Rxf2 Qxc7 27. d6 Qg7
28. Bb3+ Kh8 29. Rbf1 Qd4 30. Qa4 Qe3 31. Qa3 Qd4 32. Qa4 Qe3 33. Qa3 Rf6 34.
Qb2 Rbf8 35. d7 Bd5 36. Qxf6+ 1-0

[Event "XXI European Club Cup"]
[Site "Saint Vincent - Chatillon ITA"]
[Date "2005.09.19"]
[Round "2"]
[White "Winants, Luc"]
[Black "Pedersen, Nicolai Vesterbaek"]
[Result "1-0"]
[WhiteElo "2543"]
[BlackElo "2488"]
[PlyCount "49"]
[EventDate "2005.09.18"]

1. d4 Nf6 2. c4 e6 3. Nc3 Bb4 4. e3 b6 5. Nge2 Ne4 6. Bd2 Nxd2 7. Qxd2 Bb7 8.
a3 Be7 9. d5 d6 10. g3 c5 11. Bg2 e5 12. g4 Qd7 13. h3 h5 14. O-O-O Na6 15. Ng3
h4 16. Nge4 Nc7 17. f4 exf4 18. exf4 f5 19. gxf5 Qxf5 20. Rde1 Kd8 21. Ng5 Re8
22. Ne6+ Nxe6 23. dxe6 Rb8 24. Nb5 Qf8 25. Nxd6 1-0

[Event "XXI European Club Cup"]
[Site "Saint Vincent - Chatillon ITA"]
[Date "2005.09.20"]
[Round "3"]
[White "Cvitan, Ognjen"]
[Black "Parker, Jonathan F."]
[Result "1-0"]
[WhiteElo "2491"]
[BlackElo "2515"]
[PlyCount "168"]
[EventDate "2005.09.18"]

1. c4 e5 2. g3 Nf6 3. Bg2 d5 4. cxd5 Nxd5 5. Nc3 Nb6 6. Nf3 Nc6 7. O-O Be7 8.
d3 O-O 9. Be3 Re8 10. a4 a5 11. Rc1 Rb8 12. Nb5 Nd5 13. Bc5 Ndb4 14. Nd2 Bxc5
15. Rxc5 Qe7 16. Rc1 Bg4 17. h3 Be6 18. Nb3 Rbd8 19. Nc5 Bc8 20. Qd2 f5 21. Qe3
Qf7 22. Qg5 h6 23. Qe3 Re7 24. g4 Nd5 25. Bxd5 Rxd5 26. gxf5 Qxf5 27. Kh2 Qf4+
28. Qg3 Rd8 29. Ne4 Rf7 30. Rc5 Qxg3+ 31. Kxg3 Bf5 32. Nec3 Be6 33. f3 Rdd7 34.
Rc1 Rf6 35. Ne4 Rff7 36. h4 Bf5 37. R1c4 Kf8 38. Nf2 Be6 39. Rc1 Ke8 40. Na3
Rd5 41. Rxd5 Bxd5 42. Rc5 Bb3 43. Nb5 Bxa4 44. Nc3 Bc2 45. Ng4 Kd8 46. Ne3 Bb3
47. Rb5 Be6 48. Rxb7 Rf4 49. Ne4 Nd4 50. Ng2 Rf7 51. Kf2 Bd5 52. Rb8+ Kd7 53.
Ne3 Bxe4 54. dxe4 Rf4 55. Ng4 Nc6 56. Rb5 Ke6 57. h5 Rf8 58. Rc5 Kd6 59. Rd5+
Ke6 60. Ne3 Rb8 61. Nc4 a4 62. Rc5 Kd7 63. Kg3 Re8 64. Kg4 Re6 65. e3 g6 66.
hxg6 Rxg6+ 67. Kh3 Rg5 68. Kh4 Rg2 69. f4 exf4 70. exf4 Re2 71. e5 Ne7 72. Kg4
Re4 73. Kf3 Rd4 74. Ne3 Rd2 75. Rc4 Rxb2 76. Rxa4 Ke6 77. Ke4 Re2 78. Kf3 Rb2
79. Ra8 Rb3 80. Ke4 Rb4+ 81. Kf3 Rb3 82. Ke2 Rb2+ 83. Kd3 Rb3+ 84. Kd2 Rb2+ 1-0

[Event "XXI European Club Cup"]
[Site "Saint Vincent - Chatillon ITA"]
[Date "2005.09.20"]
[Round "3"]
[White "Filippov, Valerij"]
[Black "Kantsler, Boris"]
[Result "1-0"]
[WhiteElo "2621"]
[BlackElo "2501"]
[PlyCount "163"]
[EventDate "2005.09.18"]

1. Nf3 Nf6 2. c4 g6 3. d4 Bg7 4. g3 d6 5. Bg2 O-O 6. Nc3 Nbd7 7. O-O e5 8. e4
a6 9. Qc2 exd4 10. Nxd4 Ne5 11. b3 Bd7 12. f4 Nc6 13. Nxc6 Bxc6 14. Bb2 Re8 15.
Rfe1 Nd7 16. a4 a5 17. Rad1 Nc5 18. e5 Qc8 19. Ba3 Bxg2 20. Kxg2 Ne6 21. exd6
Nxf4+ 22. Kh1 Qg4 23. Rf1 Ne6 24. Nd5 cxd6 25. Bb2 Rf8 26. Nf6+ Bxf6 27. Bxf6
Nc5 28. Rd4 Qe6 29. Rdf4 Rae8 30. Bb2 Qe2 31. Qc3 Re5 32. R4f2 Qe4+ 33. Rf3 Qe2
34. Kg1 Ne4 35. Qc1 Ng5 36. Rf6 Nh3+ 37. Kh1 Qe4+ 38. R6f3 Ng5 39. Bxe5 Nxf3
40. Qf4 Qxe5 41. Qxf3 b6 42. Kg2 Kg7 43. Rf2 Qd4 44. Re2 Qf6 45. Qb7 Qd4 46.
Qf3 f5 47. Re6 Rf6 48. Re2 Rf7 49. h4 h5 50. Re6 f4 51. Re4 Qb2+ 52. Re2 Qf6
53. Rd2 fxg3 54. Qxf6+ Rxf6 55. Kxg3 Kf8 56. Rd5 Ke7 57. Rb5 d5 58. Rxd5 Rf5
59. Rb5 Rxb5 60. axb5 Kd6 61. Kf4 Kc5 62. Kg5 Kb4 63. Kxg6 Kxb3 64. c5 a4 65.
cxb6 a3 66. b7 a2 67. b8=Q a1=Q 68. Qf4 Qd1 69. Qf6 Ka4 70. b6 Qd5 71. b7 Qe4+
72. Kh6 Qe3+ 73. Kxh5 Qe2+ 74. Kh6 Qe3+ 75. Kh7 Qe4+ 76. Kg8 Qe8+ 77. Kg7 Qd7+
78. Kf8 Qxb7 79. Qa1+ Kb5 80. Qb1+ Kc6 81. Qxb7+ Kxb7 82. h5 1-0

[Event "XXI European Club Cup"]
[Site "Saint Vincent - Chatillon ITA"]
[Date "2005.09.20"]
[Round "3"]
[White "Holst, Conny"]
[Black "Golod, Vitali"]
[Result "0-1"]
[WhiteElo "2160"]
[BlackElo "2582"]
[PlyCount "74"]
[EventDate "2005.09.18"]

1. d4 Nf6 2. c4 e6 3. Nc3 Bb4 4. e3 O-O 5. Bd3 d5 6. Nge2 b6 7. O-O Bb7 8. cxd5
exd5 9. f3 Re8 10. Ng3 Bf8 11. Kh1 c5 12. Bd2 Nc6 13. Nce2 c4 14. Bc2 b5 15. a3
a5 16. e4 dxe4 17. Nxe4 Nxd4 18. Nxf6+ Qxf6 19. Bc3 Rxe2 20. Bxd4 Qe6 21. Be4
Rxe4 22. fxe4 Rd8 23. Rf4 Bxe4 24. Qg1 Qg6 25. Be3 f5 26. Rf2 Rd3 27. Rd2 Bd6
28. Rxd3 cxd3 29. Qf2 h6 30. Rc1 Qh5 31. h4 Qg4 32. Kg1 Bg3 33. Qd2 Qxh4 34.
Rc8+ Kh7 35. Kf1 Qh1+ 36. Bg1 Bf4 37. Qf2 d2 0-1

[Event "XXI European Club Cup"]
[Site "Saint Vincent - Chatillon ITA"]
[Date "2005.09.20"]
[Round "3"]
[White "Karlsson, Lars"]
[Black "Portisch, Lajos"]
[Result "1/2-1/2"]
[WhiteElo "2472"]
[BlackElo "2536"]
[PlyCount "124"]
[EventDate "2005.09.18"]

1. Nf3 d5 2. g3 Nf6 3. Bg2 c6 4. b3 Bg4 5. Bb2 Nbd7 6. O-O e6 7. c4 Bd6 8. d4
O-O 9. Nbd2 Qb8 10. Rc1 Rd8 11. cxd5 exd5 12. Qc2 Bh5 13. a3 a5 14. Rfe1 Re8
15. e3 Bg6 16. Qd1 h6 17. Nh4 Bh7 18. Bh3 Qd8 19. Bf5 Bxf5 20. Nxf5 Bf8 21. Nh4
g6 22. Qc2 h5 23. Re2 Ne4 24. f3 Nxd2 25. Qxd2 Qb6 26. Qd3 Bg7 27. Ng2 Re7 28.
Kh1 Nf6 29. a4 Ree8 30. Ba3 Qd8 31. Rce1 Qd7 32. Qc2 Nh7 33. Nf4 b6 34. Kg2
Rac8 35. h4 Nf6 36. Nd3 Bh6 37. Bb2 Qe6 38. Nf2 Qd7 39. Nd3 Qe6 40. Nf2 Bg7 41.
Nd3 Qd6 42. Nf2 Qd7 43. Rd1 Re7 44. Nd3 Qb7 45. Nf4 Rd7 46. e4 dxe4 47. fxe4
Re7 48. Kg1 Ree8 49. Qd3 Rcd8 50. d5 cxd5 51. Bxf6 Bxf6 52. exd5 Rxe2 53. Qxe2
Qc7 54. Qe4 Qe5 55. Qxe5 Bxe5 56. Kf2 Bd6 57. Kf3 Rc8 58. Rd3 Kf8 59. Ne2 Be5
60. Ke4 Re8 61. Kf3 Rc8 62. Ke4 Re8 1/2-1/2